000 00480nam a2200181Ia 4500
008 090124s9999 xx 000 0 und d
082 _b31989
100 _aवाळिंबे वि. स.
245 _a 1947
250 _a1
260 _bमॅजेस्टिक प्रकाशन
_c1994
300 _a386
600 _aवाळिंबे वि. स.
630 _a 1947
700 _aवाळिंबे वि. स.
730 _a 1947
942 _cBOOK
999 _c97816
_d97816